Juvenile psychiatry and the law
| Beteiligte: | ; |
|---|---|
| Medienart: | Druck Buch |
| Sprache: | Englisch |
| Veröffentlicht: |
New York London
Plenum
c1989
|
| In: |
Critical issues in American psychiatry and the law (4)
Jahr: 1989 |
| Online-Zugang: |
Cover |
| Bestand in Tübingen: | In Tübingen vorhanden. UB: KB 18 A 5216 |
| Verfügbarkeit prüfen: | HBZ Gateway |
| Subito Bestelldienst: | Jetzt bestellen. |
| Schlagwörter: |
MARC
| LEADER | 00000cam a2200000 c 4500 | ||
|---|---|---|---|
| 001 | 215111435 | ||
| 003 | DE-627 | ||
| 005 | 20251222205257.0 | ||
| 007 | tu | ||
| 008 | 890627s1989 xxk||||| 00| ||eng c | ||
| 010 | |a 88657025 | ||
| 016 | 7 | |a 0306429586 |2 UK | |
| 020 | |a 0306429586 |c (: No price) |9 0-306-42958-6 | ||
| 035 | |a (DE-627)215111435 | ||
| 035 | |a (DE-576)017982200 | ||
| 035 | |a (DE-599)GBV215111435 | ||
| 035 | |a (OCoLC)601362736 | ||
| 035 | |a (OCoLC)21526270 | ||
| 040 | |a DE-627 |b ger |c DE-627 |e rakwb | ||
| 041 | |a eng | ||
| 044 | |c XA-GB |c XD-US | ||
| 082 | 0 | |a 614.1 | |
| 245 | 0 | 0 | |a Juvenile psychiatry and the law |c ed. by Richard Rosner ... |
| 264 | 1 | |a New York |a London |b Plenum |c c1989 | |
| 300 | |a XIX, 430 S. |b Ill |c 24 cm | ||
| 336 | |a Text |b txt |2 rdacontent | ||
| 337 | |a ohne Hilfsmittel zu benutzen |b n |2 rdamedia | ||
| 338 | |a Band |b nc |2 rdacarrier | ||
| 490 | 1 | |a Critical issues in American psychiatry and the law |v v. 4 | |
| 505 | 8 | |a Includes bibliographies and index | |
| 583 | 1 | |a Archivierung prüfen |c 20200919 |f DE-640 |z 3 |2 pdager | |
| 650 | 0 | |a Adolescent Psychiatry | |
| 650 | 0 | |a Criminology | |
| 650 | 4 | |a Child Psychiatry |x United States | |
| 650 | 4 | |a Forensic Psychiatry |x United States | |
| 650 | 4 | |a Psychiatrists |x Legal status, laws, etc. |x United States | |
| 650 | 4 | |a Children |x Legal status, laws, etc. |x United States | |
| 650 | 4 | |a Children |x Psychiatry |x Law | |
| 650 | 4 | |a United States | |
| 700 | 1 | |a Rosner, Richard |e Hrsg. |4 edt | |
| 700 | 1 | |a Schwartz, Harold I. |4 oth | |
| 830 | 0 | |a Critical issues in American psychiatry and the law |v 4 |9 4 |w (DE-627)182260208 |w (DE-576)014178907 |w (DE-600)1191447-6 |7 am | |
| 856 | 4 | 2 | |u https://swbplus.bsz-bw.de/bsz017982200cov.jpg |m V:DE-576 |m X:springer |q image/jpeg |v 20150915122655 |3 Cover |7 1 |
| 889 | |w (DE-627)276523954 | ||
| 935 | |i mdedup | ||
| 935 | |i Blocktest | ||
| 951 | |a BO | ||
| ELC | |b 1 | ||
| LOK | |0 000 xxxxxcx a22 zn 4500 | ||
| LOK | |0 001 3323095200 | ||
| LOK | |0 003 DE-627 | ||
| LOK | |0 004 215111435 | ||
| LOK | |0 005 20151020134207 | ||
| LOK | |0 008 890627||||||||||||||||ger||||||| | ||
| LOK | |0 040 |a DE-21 |c DE-627 |d DE-21 | ||
| LOK | |0 852 |a DE-21 | ||
| LOK | |0 852 1 |c KB 18 A 5216 |9 00 | ||
| LOK | |0 935 |a krim | ||
| LOK | |0 939 |a 27-06-89 |b l01 | ||
| ORI | |a SA-MARC-krimdoka001.raw | ||
| SIG | |a UB: KB 18 A 5216 | ||
